LEADER 01071nam a2200241 i 4500 001 000000043394 003 CaOOAMICUS 005 20090813000000.0 008 090813s1967 it u000 u ita u 013 $a14564 040 $aSeMil$bita 100 1 $aGrasso, Domenico,$c.$0(OLS)http://semarc/name/21434 245 13$aIl messaggio di Cristo :$bsintesi di teologia nella prospettiva della storia della salvezza /$cDomenico Grasso. 260 $aAssisi :$bCittadella,$cstampa 1967. 300 $a438 p. ;$c22 cm. 490 0 $aSulle vie del concilio 600 04$aGesù Cristo.$0(OLS)http://semarc/subject/712 650 4$aTeologia.$0(OLS)http://semarc/subject/27 830 0$aSulle vie del concilio.$0(OLS)http://semarc/title/12427 850 $aSeMil 852 $aSeMil$W1$xVenegono$y1$m2B II 224$j9549$B9549$CSeMilBibl$Z2$F9549 $81 996 $6245$aIl messaggio di Cristo :$bsintesi di teologia nella prospettiva della storia della salvezza$9(OLS)http://semarc/title/63739 996 $6260$aAssisi :$bCittadella$9(OLS)http://semarc/publisher/29661 LEADER 01267nam a2200253 i 4500 001 000000102066 003 CaOOAMICUS 005 20161109000000.0 008 161109s1973 xx u000 u ger u 013 $a74218 040 $aSeMil$bita 100 1 $aBach, Johann Sebastian <1685-1750>.$0(OLS)http://semarc/name/92760 245 10$aJohannes-Passion = St. John Passion :$bBWV 245 /$cJ. S. Bach ; herausgegeben von / Edited by Arthur Mendel. 250 $aUrtext der Neuen Bach-Ausgabe = Urtext of the New Bach Edition. 260 $aKassel ; Basel ; Tours ; London :$bBärenreiter,$ccopyr. 1973. 300 $aX, 265 p. :$bnotazione musicale ;$c23 cm. 600 14$aBach, Johann Sebastian <1685-1750>.$0(OLS)http://semarc/subject/5272 700 1 $aMendel, Arthur.$0(OLS)http://semarc/name/43799 773 0 $tBarenreiter Taschenpartituren.$dKassel ; Basel ; Tours ; London : Bärenreiter, [1973?]$gTP197$w()33443 850 $aSeMil 852 $aSeMil$W1$xVenegono$y1$m3Q III 127$j58663$B58663$CSeMilBibl$Z2$F69577 $81 961 $aOmaggio: Colombo don Alberto 996 $6245$aJohannes-Passion = St. John Passion :$bBWV 245$9(OLS)http://semarc/title/148788 996 $6260$aKassel ; Basel ; Tours ; London :$bBärenreiter$9(OLS)http://semarc/publisher/31526